| 000 | 00554nam a2200193Ia 4500 | ||
|---|---|---|---|
| 999 |
_c8675 _d8675 |
||
| 003 | OSt | ||
| 005 | 20201006131100.0 | ||
| 008 | 190216s9999||||xx |||||||||||||| ||und|| | ||
| 020 | _a8122408524 | ||
| 040 | _coclc | ||
| 082 |
_a004 _bRAM/C |
||
| 100 |
_aRam, B _91052 |
||
| 245 | 0 |
_aComputer Fundamentals Architecture And Organization / _cB Ram |
|
| 250 | _a2nd Ed. | ||
| 260 |
_bNew Age International Publishers, _c1999. _aNew Delhi: |
||
| 300 | _a477p | ||
| 650 | _aComputer Science | ||
| 942 |
_cBK _2ddc _h004 _iRAM/C _k004 _mRAM/C |
||